000 00641nam a22001937a 4500
005 20170322161659.0
010 _aENG-117569
020 _a9788123764917
_c540.00
035 _aEN-101101
037 _bDBAD/PUB
082 _a792.0954
100 _aAhuja,Chaman
245 _aContemporary theatre of India :
_cby Chaman Ahuja
_ban overview /
260 _aNew Delhi
_bNational Book Trust
_c2012
270 _aNehru Bhawan,5 Industrial Area Phase-II Vasant Kunj
_bNew Delhi
_e110070
300 _axii,350p. :
_c27cm(pbk)
_bill
500 _aIncludes bibliographical references and index
942 _2ddc
_cEN
_h792.954
_mAHU
999 _c138424
_d138424